Statistics for MLB Single Season ERAs Below 2.00

Click here to take the quiz!

General Stats

  • This quiz has been taken 10,843 times
    (2,027 since last reset)
  • The average score is 14 of 33

Answer Stats

YearsPitcher% Correct
2013, 2014Clayton Kershaw
92%
2022Justin Verlander
90%
2018Jacob DeGrom
83%
1997, 2000Pedro Martinez
79%
1994, 1995Greg Maddux
78%
1990, 2005Roger Clemens
70%
1981Nolan Ryan
69%
1968Bob Gibson
68%
1963, 1964, 1966Sandy Koufax
66%
1971Tom Seaver
62%
2015Jake Arrieta
60%
2018Blake Snell
59%
1968Tommy John
55%
1985Dwight Gooden
51%
1972Steve Carlton
47%
2015Zack Greinke
43%
1971Vida Blue
34%
1978Ron Guidry
33%
1967Phil Niekro
29%
1968Denny McLain
28%
1972Gaylord Perry
28%
1996Kevin Brown
27%
1968, 1972Luis Tiant
27%
1971Wilbur Wood
24%
1985John Tudor
20%
1968Dave McNally
18%
1968Sam McDowell
18%
1964Dean Chance
15%
1972Gary Nolan
15%
1955Billy Pierce
13%
1966Gary Peters
12%
1968Bobby Bolin
11%
1964Joe Horlen
11%

Score Distribution

Percentile by Number Answered

Percent of People with Each Score

Your Score History

You have not taken this quiz since the last reset